[Event "Werner-Ott-Open Kreuzberger Sommer 2016"]
[Site "Berlin"]
[Date "2016.07.21"]
[Round "6.5"]
[White "Welz, Peter"]
[Black "Johansson, Thomas"]
[Result "0-1"]
[WhiteElo "2044"]
[BlackElo "2222"]
[PlyCount "116"]
[EventDate "2016.07.??"]
[EventRounds "9"]
[EventCountry "GER"]
[Source "SC Kreuzberg/AL"]
[SourceDate "2016.07.24"]
[WhiteTeam "SV Empor Berlin"]
[BlackTeam "Uppsala ASS"]
[WhiteTeamCountry "GER"]
[BlackTeamCountry "SWE"]

1. e4 e6 2. d4 d5 3. e5 c5 4. c3 Nc6 5. Nf3 Qb6 6. a3 Nh6 7. b4 cxd4 8. cxd4
Nf5 9. Be3 f6 10. exf6 gxf6 11. Bd3 Nxe3 12. fxe3 Bh6 13. Qe2 O-O 14. Nc3 Ne7
15. e4 Ng6 16. g3 Bd7 17. exd5 exd5 18. O-O Rae8 19. Qc2 Kg7 20. Nxd5 Qd6 21.
Qc4 Qb8 22. Bxg6 hxg6 23. Rae1 b6 24. Qc7 Qxc7 25. Nxc7 Rxe1 26. Rxe1 Kf7 27.
d5 Rc8 28. Ne6 Rc3 29. Nh4 Re3 30. Rxe3 Bxe3+ 31. Kg2 Bc1 32. Nd8+ Ke7 33. Nc6+
Bxc6 34. Nxg6+ Kd6 35. dxc6 b5 36. h4 Bxa3 37. h5 Bxb4 38. h6 f5 39. Nh4 Kxc6
40. Nxf5 Bc3 41. g4 b4 42. g5 b3 43. g6 b2 44. g7 b1=Q 45. g8=Q Qe4+ 46. Kh2
Qxf5 47. Qa8+ Kb6 48. Qb8+ Ka6 49. Qd6+ Kb7 50. Qe7+ Kb8 51. Qd8+ Kb7 52. Qe7+
Kb6 53. Qd6+ Kb7 54. Qe7+ Ka6 55. Qd6+ Kb5 56. Qb8+ Kc4 57. Qxa7 Be5+ 58. Kg2
Qg4+ 0-1

[Event "Werner-Ott-Open Kreuzberger Sommer 2016"]
[Site "Berlin"]
[Date "2016.07.21"]
[Round "6.6"]
[White "Johansson, Gunnar"]
[Black "Shapiro, Yosip"]
[Result "1-0"]
[WhiteElo "2205"]
[BlackElo "1982"]
[PlyCount "77"]
[EventDate "2016.07.??"]
[EventType "swiss"]
[EventRounds "9"]
[EventCountry "GER"]
[Source "SC Kreuzberg/AL"]
[SourceDate "2016.07.24"]
[WhiteTeam "Solna Schacksaellskap"]
[BlackTeam "SV Berolina Mitte"]
[WhiteTeamCountry "SWE"]
[BlackTeamCountry "GER"]

1. d4 Nf6 2. c4 g6 3. Nc3 Bg7 4. e4 d6 5. h3 O-O 6. Nf3 e5 7. d5 Nh5 8. Nh2 Nf4
9. h4 Qe8 10. g3 Nh5 11. Be2 Nf6 12. Be3 Na6 13. g4 c6 14. g5 Nh5 15. Bxh5 gxh5
16. Qxh5 f5 17. Qxe8 Rxe8 18. f3 c5 19. Kd2 Nc7 20. Kd3 Bd7 21. a3 a5 22. b3 b5
23. a4 bxc4+ 24. bxc4 Na6 25. Nb5 Bf8 26. Nf1 Be7 27. Bd2 fxe4+ 28. fxe4 Bxb5
29. cxb5 Nb4+ 30. Bxb4 axb4 31. Ne3 Bd8 32. Rhf1 Rf8 33. Rxf8+ Kxf8 34. Nc4 Ke7
35. Kc2 Bc7 36. b6 Bd8 37. a5 Ra6 38. Kb3 Kd7 39. Ka4 1-0

[Event "Werner-Ott-Open Kreuzberger Sommer 2016"]
[Site "Berlin"]
[Date "2016.07.21"]
[Round "6.7"]
[White "Wallgren, Ulf"]
[Black "Kohler, Thomas"]
[Result "1-0"]
[WhiteElo "2095"]
[BlackElo "2143"]
[PlyCount "49"]
[EventDate "2016.07.??"]
[EventType "swiss"]
[EventRounds "9"]
[EventCountry "GER"]
[Source "SC Kreuzberg/AL"]
[SourceDate "2016.07.24"]
[WhiteTeam "Solna Schacksaellskap"]
[BlackTeam "SC Zitadelle Spandau"]
[WhiteTeamCountry "SWE"]
[BlackTeamCountry "GER"]

1. e4 e5 2. f4 exf4 3. Nf3 Nf6 4. e5 Nh5 5. d4 d6 6. Bc4 Be7 7. O-O O-O 8. Nc3
Be6 9. Be2 g6 10. exd6 Qxd6 11. Ne5 f6 12. Nc4 Qc6 13. Na5 Qb6 14. Bxh5 gxh5
15. Nb3 Nc6 16. Rxf4 Bd6 17. Rh4 Bf7 18. Bh6 Rfd8 19. Qf3 Be7 20. Re1 f5 21.
Qg3+ Bg6 22. Rxe7 Nxe7 23. Qe5 Kf7 24. Qg7+ Ke8 25. Nc5 1-0

[Event "Werner-Ott-Open Kreuzberger Sommer 2016"]
[Site "Berlin"]
[Date "2016.07.21"]
[Round "6.8"]
[White "Zschaebitz, Klaus"]
[Black "Gebigke, Martin"]
[Result "0-1"]
[WhiteElo "2005"]
[BlackElo "2093"]
[PlyCount "132"]
[EventDate "2016.07.??"]
[EventType "swiss"]
[EventRounds "9"]
[EventCountry "GER"]
[Source "SC Kreuzberg/AL"]
[SourceDate "2016.07.24"]
[WhiteTeam "BSG 1827 Eckbauer"]
[BlackTeam "SC Kreuzberg"]
[WhiteTeamCountry "GER"]
[BlackTeamCountry "GER"]

1. c4 e5 2. g3 Nf6 3. Bg2 c6 4. d4 e4 5. Nc3 d5 6. cxd5 cxd5 7. Nh3 h6 8. O-O
Nc6 9. f3 exf3 10. Rxf3 Be7 11. Rf1 g5 12. Nf2 Be6 13. Be3 Qd7 14. Qb3 Na5 15.
Qb5 Qxb5 16. Nxb5 Kd7 17. Rad1 a6 18. Nc3 Rhd8 19. Bc1 Ke8 20. Nd3 Nc6 21. e3
b6 22. Bd2 Ra7 23. Rc1 Na5 24. Ne5 Nd7 25. Na4 Nxe5 26. dxe5 Nc4 27. Bc3 b5 28.
Bd4 Rb7 29. b3 Nd2 30. Rf2 bxa4 31. Rxd2 axb3 32. axb3 Rxb3 33. Ra2 Ra8 34.
Rca1 Bb4 35. Rxa6 Rxa6 36. Rxa6 Bc3 37. Ra8+ Kd7 38. Ra7+ Kc6 39. Ra6+ Kc7 40.
Bf1 Bxd4 41. exd4 Rb4 42. Ra8 Rxd4 43. Rh8 Re4 44. Rxh6 Rxe5 45. Kf2 d4 46. Rh5
Kd6 47. Bd3 Re3 48. Bf1 f6 49. Rh6 Ke5 50. Rh8 g4 51. Re8 Rf3+ 52. Ke1 d3 53.
Rd8 Bc4 54. Bg2 Re3+ 55. Kd1 Bb3+ 56. Kc1 Ba4 57. Ra8 Bb3 58. Rd8 Bc4 59. Bb7
Re1+ 60. Kd2 Re2+ 61. Kd1 Bb3+ 62. Kc1 Rc2+ 63. Kb1 d2 64. Ba6 Rc1+ 65. Kb2 Bd5
66. Re8+ Be6 0-1

[Event "Werner-Ott-Open Kreuzberger Sommer 2016"]
[Site "Berlin"]
[Date "2016.07.21"]
[Round "6.9"]
[White "Witte, Ronald"]
[Black "Hannebauer, Torsten"]
[Result "1/2-1/2"]
[WhiteElo "1928"]
[BlackElo "2022"]
[Annotator "Andreas Lange"]
[PlyCount "54"]
[EventDate "2016.07.??"]
[EventType "swiss"]
[EventRounds "9"]
[EventCountry "GER"]
[Source "SC Kreuzberg/AL"]
[SourceDate "2016.07.24"]
[WhiteTeam "BSV 63 Chemie Weissensee"]
[BlackTeam "TSG Oberschoeneweide"]
[WhiteTeamCountry "GER"]
[BlackTeamCountry "GER"]

1. d4 Nf6 2. c4 d6 3. Nf3 g6 4. Nc3 Bg7 5. g3 O-O 6. Bg2 c6 7. d5 cxd5 8. cxd5
Na6 9. O-O Bd7 10. e4 Bg4 11. h3 Bxf3 12. Qxf3 Nd7 13. Be3 Nac5 14. Qe2 a6 15.
Rfd1 b5 16. Bd4 b4 17. Bxg7 Kxg7 18. Nb1 a5 19. Nd2 Rc8 20. Nc4 Ne5 21. Nxe5
dxe5 22. Rac1 Qd7 23. Rc4 Na4 24. Rdc1 Rxc4 25. Rxc4 Rc8 26. Rxc8 Qxc8 27. Qb5
Nxb2 1/2-1/2

[Event "Werner-Ott-Open Kreuzberger Sommer 2016"]
[Site "Berlin"]
[Date "2016.07.21"]
[Round "6.10"]
[White "Thesing, Ansgar"]
[Black "Bjarnehag, Peter"]
[Result "1/2-1/2"]
[WhiteElo "1900"]
[BlackElo "2111"]
[PlyCount "49"]
[EventDate "2016.07.??"]
[EventType "swiss"]
[EventRounds "9"]
[EventCountry "GER"]
[Source "SC Kreuzberg/AL"]
[SourceDate "2016.07.24"]
[WhiteTeam "SC Kreuzberg"]
[BlackTeam "Solna Schacksaellskap"]
[WhiteTeamCountry "GER"]
[BlackTeamCountry "SWE"]

1. e4 Nf6 2. e5 Nd5 3. d4 d6 4. f4 dxe5 5. fxe5 c5 6. c4 Nb4 7. d5 Bf5 8. Na3
e6 9. Nf3 exd5 10. cxd5 Qxd5 11. Bb5+ Bd7 12. O-O Qxd1 13. Rxd1 N8c6 14. Bc4
Be6 15. Nb5 Rc8 16. Nd6+ Bxd6 17. exd6 O-O 18. Bxe6 fxe6 19. d7 Ra8 20. Bg5 Nd5
21. Rac1 Rf7 22. Ne5 Nxe5 23. d8=Q+ Rxd8 24. Bxd8 b6 25. Rf1 1/2-1/2

[Event "Werner-Ott-Open Kreuzberger Sommer 2016"]
[Site "Berlin"]
[Date "2016.07.21"]
[Round "6.11"]
[White "Kutschke, Jens"]
[Black "Zahn, Benno"]
[Result "1-0"]
[WhiteElo "1938"]
[BlackElo "2060"]
[PlyCount "49"]
[EventDate "2016.07.??"]
[EventType "swiss"]
[EventRounds "9"]
[EventCountry "GER"]
[Source "SC Kreuzberg/AL"]
[SourceDate "2016.07.24"]
[WhiteTeam "SF Berlin 1903"]
[BlackTeam "SV Hellas Nauen"]
[WhiteTeamCountry "GER"]
[BlackTeamCountry "GER"]

1. e4 c5 2. Nf3 e6 3. d4 cxd4 4. Nxd4 Nc6 5. Be3 Nf6 6. Bd3 Qc7 7. O-O a6 8.
Nd2 d5 9. f4 dxe4 10. Bxe4 Nxd4 11. Bxd4 Bc5 12. Bxc5 Qxc5+ 13. Kh1 {(=)} O-O
14. Nb3 Qc7 15. Qf3 Nxe4 16. Qxe4 Rb8 17. Rf3 b6 18. Rc3 Qb7 19. Qe5 Qa8 {(=)}
20. Nd4 f6 21. Qd6 Qe4 22. Rg1 Bb7 23. Rc7 Rbc8 24. Nxe6 Rce8 25. Qd7 1-0

[Event "Werner-Ott-Open Kreuzberger Sommer 2016"]
[Site "Berlin"]
[Date "2016.07.21"]
[Round "6.12"]
[White "Krefenstein, Sergej"]
[Black "Sidabras, Jonas"]
[Result "1-0"]
[WhiteElo "2105"]
[BlackElo "1867"]
[PlyCount "41"]
[EventDate "2016.07.??"]
[EventType "swiss"]
[EventRounds "9"]
[EventCountry "GER"]
[Source "SC Kreuzberg/AL"]
[SourceDate "2016.07.24"]
[WhiteTeam "TuS Makkabi Berlin"]
[BlackTeam "SC Kreuzberg"]
[WhiteTeamCountry "GER"]
[BlackTeamCountry "GER"]

1. e4 e6 2. Nf3 d5 3. Nc3 Nf6 4. e5 Nfd7 5. d4 c5 6. dxc5 Bxc5 7. Bd3 Nc6 8.
Bf4 Qb6 9. O-O a6 10. a3 Qc7 11. Re1 Ne7 12. Bg3 Ng6 13. Nxd5 Qd8 14. Nc3 Be7
15. Ne4 Nc5 16. Nxc5 Bxc5 17. h4 Be7 18. h5 Nh4 19. Nxh4 Bxh4 20. Qg4 Qg5 21.
Qxh4 1-0

[Event "Werner-Ott-Open Kreuzberger Sommer 2016"]
[Site "Berlin"]
[Date "2016.07.21"]
[Round "6.13"]
[White "Jaeger, Andre"]
[Black "Boettcher, Patrick"]
[Result "1-0"]
[WhiteElo "1859"]
[BlackElo "2094"]
[PlyCount "63"]
[EventDate "2016.07.??"]
[EventType "swiss"]
[EventRounds "9"]
[EventCountry "GER"]
[Source "SC Kreuzberg/AL"]
[SourceDate "2016.07.24"]
[WhiteTeam "SC Rochade"]
[BlackTeam "SC Zitadelle Spandau"]
[WhiteTeamCountry "GER"]
[BlackTeamCountry "GER"]

1. d4 Nf6 2. c4 e6 3. a3 c5 4. Nf3 b6 5. d5 Ba6 6. dxe6 fxe6 7. Qa4 Be7 8. Nc3
Bb7 9. Bf4 O-O 10. e3 d6 11. Rd1 Nh5 12. Bg3 Rxf3 13. gxf3 Bxf3 14. Rg1 Bxd1
15. Qxd1 Nxg3 16. Rxg3 Bf6 17. Bg2 d5 18. Nxd5 Bxb2 19. Nf4 Na6 20. Bxa8 Qxa8
21. Nxe6 Qe8 22. Qd5 Kh8 23. Rf3 Bf6 24. e4 h6 25. e5 Be7 26. Rg3 g5 27. Rh3
Qg6 28. Rd3 Qf5 29. Qd7 Qxe5+ 30. Kf1 Qf6 31. Qe8+ Kh7 32. Rd7 1-0

[Event "Werner-Ott-Open Kreuzberger Sommer 2016"]
[Site "Berlin"]
[Date "2016.07.21"]
[Round "6.14"]
[White "Federau, Juergen"]
[Black "Eilenberg, Jonas"]
[Result "1-0"]
[WhiteElo "2026"]
[BlackElo "1591"]
[PlyCount "69"]
[EventDate "2016.07.??"]
[EventType "swiss"]
[EventRounds "9"]
[EventCountry "GER"]
[Source "SC Kreuzberg/AL"]
[SourceDate "2016.07.24"]
[WhiteTeam "SC Kreuzberg"]
[BlackTeam "Schachpinguine Berlin"]
[WhiteTeamCountry "GER"]
[BlackTeamCountry "GER"]

1. d4 d5 2. c4 e6 3. Nf3 c6 4. e3 f5 5. Bd3 Nf6 6. O-O Be7 7. b3 O-O 8. Ba3 Ne4
9. Ne5 Nd6 10. Nd2 Nd7 11. Ndf3 Nf6 12. Qc2 Nde4 13. Bxe7 Qxe7 14. c5 Bd7 15.
b4 Rac8 16. a4 b6 17. Rfc1 bxc5 18. bxc5 g5 19. Rab1 g4 20. Ne1 Rc7 21. Rb2 Qg7
22. Rcb1 h5 23. Rb7 Rfc8 24. Kh1 Ng5 25. Bf1 h4 26. N1d3 Be8 27. Rxc7 Rxc7 28.
Nf4 Qh6 29. Rb8 Kh7 30. Nxe6 Nxe6 31. Qxf5+ Kg7 32. Qxe6 Qh8 33. Nxg4 Rf7 34.
Nxf6 Rxf6 35. Qxe8 1-0

[Event "Werner-Ott-Open Kreuzberger Sommer 2016"]
[Site "Berlin"]
[Date "2016.07.21"]
[Round "6.15"]
[White "Wierzbicki, Jirawat"]
[Black "Hohn, August"]
[Result "1-0"]
[WhiteElo "1953"]
[BlackElo "1729"]
[PlyCount "43"]
[EventDate "2016.07.??"]
[EventType "swiss"]
[EventRounds "9"]
[EventCountry "GER"]
[Source "SC Kreuzberg/AL"]
[SourceDate "2016.07.24"]
[WhiteTeam "SK Koenig Tegel 1949"]
[BlackTeam "SC Zugzwang 95"]
[WhiteTeamCountry "GER"]
[BlackTeamCountry "GER"]

1. e4 c6 2. d4 d5 3. Nd2 dxe4 4. Nxe4 Nd7 5. Nf3 Ngf6 6. Nxf6+ Nxf6 7. c3 Bg4
8. Be2 e6 9. Ne5 Bxe2 10. Qxe2 Be7 11. O-O O-O 12. a4 a5 13. Bg5 Nd5 14. Bxe7
Qxe7 {(=)} 15. Rad1 Rad8 16. Rfe1 Qg5 17. Qf3 Qf4 18. Qd3 Qg5 19. Nc4 b6 20.
Qf3 Rb8 21. Ne5 Rbc8 22. c4 1-0

[Event "Werner-Ott-Open Kreuzberger Sommer 2016"]
[Site "Berlin"]
[Date "2016.07.21"]
[Round "6.16"]
[White "Richter, Goetz"]
[Black "Dathe, Frederick"]
[Result "1-0"]
[WhiteElo "1930"]
[BlackElo "1850"]
[PlyCount "47"]
[EventDate "2016.07.??"]
[EventType "swiss"]
[EventRounds "9"]
[EventCountry "GER"]
[Source "SC Kreuzberg/AL"]
[SourceDate "2016.07.24"]
[WhiteTeam "Klub Koelner SF"]
[BlackTeam "SC Kreuzberg"]
[WhiteTeamCountry "GER"]
[BlackTeamCountry "GER"]

1. e4 g6 2. d4 Bg7 3. Nc3 d6 4. Be3 a6 5. Qd2 b5 6. Bd3 Nd7 7. a4 b4 8. Nce2 a5
9. c3 c5 10. f3 Ba6 11. Nh3 Bxd3 12. Qxd3 Ngf6 13. O-O O-O 14. cxb4 cxb4 15.
Rac1 Qb6 16. Rc2 Rfc8 17. Rfc1 Qb7 18. Qb5 Rcb8 19. Qxb7 Rxb7 20. Rc8+ Rxc8 21.
Rxc8+ Nf8 22. Nhf4 h6 23. Kf1 Kh7 24. Ra8 1-0

[Event "Werner-Ott-Open Kreuzberger Sommer 2016"]
[Site "Berlin"]
[Date "2016.07.21"]
[Round "6.17"]
[White "Bergmann, Jens"]
[Black "Heerde, Thomas"]
[Result "0-1"]
[WhiteElo "1806"]
[BlackElo "2022"]
[PlyCount "40"]
[EventDate "2016.07.??"]
[EventType "swiss"]
[EventRounds "9"]
[EventCountry "GER"]
[Source "SC Kreuzberg/AL"]
[SourceDate "2016.07.24"]
[WhiteTeam "SK Tempelhof 1931"]
[BlackTeam "SC Weisse Dame"]
[WhiteTeamCountry "GER"]
[BlackTeamCountry "GER"]

1. e4 c5 2. b3 e5 3. Bb2 Nc6 4. Bc4 Nf6 5. Qe2 a6 6. a4 d6 7. Nf3 Be7 8. Nc3
Bg4 9. Nd5 Nxd5 10. exd5 Nd4 11. Bxd4 cxd4 12. c3 dxc3 13. dxc3 O-O 14. h3 Bh5
15. g4 Bg6 16. O-O-O b5 17. axb5 axb5 18. Bxb5 Qa5 19. Qc4 Rfc8 20. Bc6 Qa2 0-1

[Event "Werner-Ott-Open Kreuzberger Sommer 2016"]
[Site "Berlin"]
[Date "2016.07.21"]
[Round "6.18"]
[White "Lindenau, Jorge"]
[Black "Matitschka, Heinz"]
[Result "1-0"]
[WhiteElo "1937"]
[BlackElo "1801"]
[PlyCount "137"]
[EventDate "2016.07.??"]
[EventType "swiss"]
[EventRounds "9"]
[EventCountry "GER"]
[Source "SC Kreuzberg/AL"]
[SourceDate "2016.07.24"]
[WhiteTeam "SC Kreuzberg"]
[BlackTeam "TSG Oberschoeneweide"]
[WhiteTeamCountry "GER"]
[BlackTeamCountry "GER"]

1. e4 e6 2. d4 d5 3. Nd2 Nf6 4. e5 Nfd7 5. c3 c5 6. Bd3 Nc6 7. Ne2 f6 8. Nf4
Qe7 9. exf6 Nxf6 10. Nf3 Bd7 11. O-O O-O-O 12. Re1 cxd4 13. cxd4 Re8 14. Bd2
Ne4 15. Bxe4 dxe4 16. Rxe4 Qf6 17. d5 exd5 18. Rxe8+ Bxe8 19. Nxd5 Qf7 20. Bf4
b6 21. Rc1 Kb7 22. Bg3 h5 23. Ne5 Qf5 24. Ne3 Qe6 25. Nxc6 Bxc6 26. Qd8 Bc5 27.
Qxh8 Bxe3 28. Qxg7+ Ka6 29. Rxc6 Qxc6 30. fxe3 Qc1+ 31. Kf2 Qd2+ 32. Kf3 Qd5+
33. Kf4 Qxg2 34. Qc3 Qe2 35. Ke5 Qg4 36. Bf4 Qg7+ 37. Ke4 Qg6+ 38. Kf3 Qg4+ 39.
Kf2 Qf5 40. Qc4+ Kb7 41. Qc7+ Ka6 42. b4 Qd3 43. Qc8+ Kb5 44. Qe8+ Kxb4 45.
Qe7+ Kb5 46. Qxa7 Qd2+ 47. Kf3 Qd1+ 48. Ke4 Qc2+ 49. Ke5 Qc3+ 50. Kf5 Qc8+ 51.
Kg6 Qg4+ 52. Kh7 Qf5+ 53. Kg8 Qg6+ 54. Qg7 Qe8+ 55. Kh7 Qe4+ 56. Qg6 Qe7+ 57.
Kh6 Qf8+ 58. Kxh5 Qh8+ 59. Kg4 Qb2 60. Qf5+ Ka6 61. Qd3+ Kb7 62. Qd7+ Ka6 63.
Qa4+ Kb7 64. Qe4+ Ka6 65. Qa8+ Kb5 66. a4+ Kc5 67. Qf8+ Kc6 68. Qe8+ Kb7 69.
Qd7+ 1-0

[Event "Werner-Ott-Open Kreuzberger Sommer 2016"]
[Site "Berlin"]
[Date "2016.07.21"]
[Round "6.19"]
[White "Postler, Reinhard"]
[Black "Hecht, Uwe"]
[Result "1-0"]
[WhiteElo "2148"]
[BlackElo "1686"]
[PlyCount "37"]
[EventDate "2016.07.??"]
[EventType "swiss"]
[EventRounds "9"]
[EventCountry "GER"]
[Source "SC Kreuzberg/AL"]
[SourceDate "2016.07.24"]
[WhiteTeam "TSG Oberschoeneweide"]
[BlackTeam "SC Kreuzberg"]
[WhiteTeamCountry "GER"]
[BlackTeamCountry "GER"]

1. e4 d6 2. d4 Nf6 3. Nc3 c6 4. Nf3 Qa5 5. Bd2 e5 6. dxe5 dxe5 7. Nd5 Qd8 8.
Nxf6+ Qxf6 9. Bg5 Qd6 10. Qe2 Be7 11. Bxe7 Qxe7 12. O-O-O Be6 13. Nxe5 Qg5+ 14.
Qd2 Qe7 15. Kb1 O-O 16. f4 Na6 17. Bxa6 bxa6 18. Qd6 Qd7 19. Nxc6 1-0

[Event "Werner-Ott-Open Kreuzberger Sommer 2016"]
[Site "Berlin"]
[Date "2016.07.24"]
[Round "9.1"]
[White "Kalinitschew, Sergey"]
[Black "Wierzbicki, Jirawat"]
[Result "1-0"]
[WhiteElo "2337"]
[BlackElo "1953"]
[PlyCount "65"]
[EventDate "2016.07.??"]
[EventType "swiss"]
[EventRounds "9"]
[EventCountry "GER"]
[Source "SC Kreuzberg/AL"]
[SourceDate "2016.07.24"]
[WhiteTeam "SC Kreuzberg"]
[BlackTeam "SK Koenig Tegel 1949"]
[WhiteTeamCountry "GER"]
[BlackTeamCountry "GER"]

1. d4 d5 2. Bg5 h6 3. Bh4 Nd7 4. e3 Ngf6 5. c4 e6 6. cxd5 exd5 7. Nc3 c6 8. Bd3
Be7 9. Nf3 b6 10. O-O O-O 11. Qc2 Bb7 12. Rad1 Rc8 13. Bf5 Ra8 14. Rfe1 Re8 15.
a3 a5 16. Na4 b5 17. Bxf6 Nxf6 18. Nc5 Bxc5 19. Qxc5 g6 20. Bb1 Nd7 21. Qd6 Re6
22. Qf4 Kg7 23. h4 Rc8 24. h5 Qf6 25. hxg6 fxg6 26. Qg3 c5 27. dxc5 Nxc5 28.
Nd4 Rb6 29. Rc1 b4 30. Bf5 Ne4 31. Bxe4 Rxc1 32. Rxc1 dxe4 33. Nf5+ 1-0

[Event "Werner-Ott-Open Kreuzberger Sommer 2016"]
[Site "Berlin"]
[Date "2016.07.24"]
[Round "9.2"]
[White "Niehaus, Frank"]
[Black "Rietze, Clemens"]
[Result "1/2-1/2"]
[WhiteElo "2131"]
[BlackElo "2330"]
[PlyCount "26"]
[EventDate "2016.07.??"]
[EventType "swiss"]
[EventRounds "9"]
[EventCountry "GER"]
[Source "SC Kreuzberg/AL"]
[SourceDate "2016.07.24"]
[WhiteTeam "SK Koenig Tegel 1949"]
[BlackTeam "SC Rotation Pankow"]
[WhiteTeamCountry "GER"]
[BlackTeamCountry "GER"]

1. f4 d5 2. Nf3 Nf6 3. e3 g6 4. d4 Bg7 5. c4 e6 6. Nc3 O-O 7. Bd3 b6 8. O-O Bb7
9. b3 c5 10. Ba3 Nbd7 11. Rc1 Re8 12. Ne5 dxc4 13. Nxc4 Bf8 {(=)} 1/2-1/2

[Event "Werner-Ott-Open Kreuzberger Sommer 2016"]
[Site "Berlin"]
[Date "2016.07.24"]
[Round "9.3"]
[White "Rosmann, Ilja"]
[Black "Johansson, Gunnar"]
[Result "1-0"]
[WhiteElo "2239"]
[BlackElo "2205"]
[PlyCount "53"]
[EventDate "2016.07.??"]
[EventType "swiss"]
[EventRounds "9"]
[EventCountry "GER"]
[Source "SC Kreuzberg/AL"]
[SourceDate "2016.07.24"]
[WhiteTeam "Koenigsspringer SC"]
[BlackTeam "Solna Schacksaellskap"]
[WhiteTeamCountry "GER"]
[BlackTeamCountry "SWE"]

1. e4 c5 2. Nf3 e6 3. c3 Nf6 4. e5 Nd5 5. d4 cxd4 6. cxd4 d6 7. a3 Nc6 8. Bd3
dxe5 9. dxe5 g6 10. O-O Bg7 11. Re1 O-O 12. Qe2 Qc7 13. Qe4 b6 14. h4 Bb7 15.
h5 Rad8 16. Bg5 Rd7 17. Nbd2 Nde7 18. Rac1 Qd8 19. hxg6 hxg6 20. Qh4 Rxd3 21.
Rxc6 Bxc6 22. Bxe7 Qd5 23. Ne4 Rxf3 24. gxf3 Qxe5 25. Bxf8 Kxf8 26. Qd8+ Be8
27. Rc1 1-0

[Event "Werner-Ott-Open Kreuzberger Sommer 2016"]
[Site "Berlin"]
[Date "2016.07.24"]
[Round "9.4"]
[White "Roseneck, Jonas"]
[Black "Kohler, Thomas"]
[Result "1/2-1/2"]
[WhiteElo "2037"]
[BlackElo "2143"]
[PlyCount "42"]
[EventDate "2016.07.??"]
[EventType "swiss"]
[EventRounds "9"]
[EventCountry "GER"]
[Source "SC Kreuzberg/AL"]
[SourceDate "2016.07.24"]
[WhiteTeam "Aufbau Elbe Magdeburg"]
[BlackTeam "SC Zitadelle Spandau"]
[WhiteTeamCountry "GER"]
[BlackTeamCountry "GER"]

1. e4 e5 2. Nf3 Nc6 3. Bb5 a6 4. Ba4 Nf6 5. O-O Be7 6. Re1 b5 7. Bb3 d6 8. c3
O-O 9. h3 Nb8 10. d4 Nbd7 11. Nbd2 c5 12. Nf1 cxd4 13. cxd4 Bb7 14. Ng3 Rc8 15.
a4 h6 16. axb5 axb5 17. Qd3 exd4 18. Nxd4 Nc5 19. Qxb5 Rb8 20. Qc4 d5 21. Qc3
Nxb3 {(=)} 1/2-1/2

[Event "Werner-Ott-Open Kreuzberger Sommer 2016"]
[Site "Berlin"]
[Date "2016.07.24"]
[Round "9.4"]
[White "Wallgren, Ulf"]
[Black "Von Herman, Ulf"]
[Result "0-1"]
[WhiteElo "2095"]
[BlackElo "2270"]
[PlyCount "44"]
[EventDate "2016.07.??"]
[EventType "swiss"]
[EventRounds "9"]
[EventCountry "GER"]
[Source "SC Kreuzberg/AL"]
[SourceDate "2016.07.24"]
[WhiteTeam "Solna Schacksaellskap"]
[BlackTeam "SK Koenig Tegel 1949"]
[WhiteTeamCountry "SWE"]
[BlackTeamCountry "GER"]

1. e4 g6 2. d4 Bg7 3. Nf3 d6 4. Nc3 Nf6 5. h3 O-O 6. Be2 c6 7. a4 a5 8. Be3 Na6
9. O-O Qc7 10. Qd2 Re8 11. Rad1 Nb4 12. Nh2 b6 13. f4 d5 14. Bf3 dxe4 15. Nxe4
Nfd5 16. Bf2 Ba6 17. Rfe1 Qxf4 18. Nf1 Qxd2 19. Rxd2 Bxf1 20. Rxf1 Bh6 21. Re2
Nf4 22. Rd2 f5 0-1

[Event "Werner-Ott-Open Kreuzberger Sommer 2016"]
[Site "Berlin"]
[Date "2016.07.24"]
[Round "9.5"]
[White "Johansson, Thomas"]
[Black "Ferster, Fabian"]
[Result "1/2-1/2"]
[WhiteElo "2222"]
[BlackElo "2096"]
[PlyCount "73"]
[EventDate "2016.07.??"]
[EventType "swiss"]
[EventRounds "9"]
[EventCountry "GER"]
[Source "SC Kreuzberg/AL"]
[SourceDate "2016.07.24"]
[WhiteTeam "Uppsala ASS"]
[BlackTeam "SK Ottenau"]
[WhiteTeamCountry "SWE"]
[BlackTeamCountry "GER"]

1. d4 d5 2. Nf3 Nf6 3. c4 e6 4. Nc3 dxc4 5. Qa4+ c6 6. Qxc4 b5 7. Qd3 a6 8. a4
b4 9. Ne4 Nbd7 10. g3 Bb7 11. Bg2 c5 12. Nxf6+ Nxf6 13. O-O Be4 14. Qd1 c4 15.
a5 Qd5 16. Qa4+ Nd7 17. Nh4 Bxg2 18. Nxg2 Be7 19. Ne3 Qb5 20. d5 O-O 21. dxe6
fxe6 22. Nxc4 Qxc4 23. Qxd7 Bc5 24. Qd3 Qxd3 25. exd3 Rad8 26. Bf4 Rxd3 27.
Rad1 Rfd8 28. Rxd3 Rxd3 29. Re1 Kf7 30. Rc1 Rd5 31. Rc4 e5 32. Be3 Bxe3 33.
fxe3 Rxa5 34. Rxb4 Rb5 35. Rxb5 axb5 36. e4 Ke6 37. b4 1/2-1/2

[Event "Werner-Ott-Open Kreuzberger Sommer 2016"]
[Site "Berlin"]
[Date "2016.07.24"]
[Round "9.6"]
[White "Postler, Reinhard"]
[Black "Federau, Juergen"]
[Result "1-0"]
[WhiteElo "2148"]
[BlackElo "2026"]
[PlyCount "107"]
[EventDate "2016.07.??"]
[EventType "swiss"]
[EventRounds "9"]
[EventCountry "GER"]
[Source "SC Kreuzberg/AL"]
[SourceDate "2016.07.24"]
[WhiteTeam "TSG Oberschoeneweide"]
[BlackTeam "SC Kreuzberg"]
[WhiteTeamCountry "GER"]
[BlackTeamCountry "GER"]

1. e4 c5 2. Nf3 d6 3. d4 cxd4 4. Nxd4 Nf6 5. Nc3 a6 6. Be3 e5 7. Nb3 Be6 8. Qd2
Nbd7 9. f3 h5 10. Nd5 Bxd5 11. exd5 Qc7 12. c4 b6 13. Be2 g6 14. O-O Bg7 15.
Rac1 Qb7 16. Qb4 Qc7 17. Qd2 Rb8 18. Bd3 Nc5 19. Bc2 O-O 20. Qe2 Rbe8 21. h3
Nh7 22. Nd2 a5 23. b3 f5 24. a3 Nf6 25. b4 axb4 26. axb4 Ncd7 27. Ba4 Ra8 28.
Qd1 Kh7 29. Qb3 Bh6 30. Bxh6 Kxh6 31. Bc6 Ra7 32. Ra1 Re8 33. Qc3 Kh7 34. Rxa7
Qxa7 35. Ra1 Qc7 36. Qa3 Rc8 37. Qe3 Nb8 38. Bb5 Kg7 39. Ra8 Qb7 40. Qa3 Rc7
41. Ra4 Re7 42. Qe3 Qc7 43. f4 exf4 44. Qxf4 Re1+ 45. Kh2 Qe7 46. Nf3 Rb1 47.
Qd4 Kh6 48. Qd2+ Kg7 49. Qa2 Qe4 50. Ra7+ Kh6 51. Qd2+ f4 52. Rf7 Qf5 53. Qc3
Nbd7 54. Bxd7 1-0